Architecture and Technology: Future of Cities (Record no. 12713)

000 -LEADER
fixed length control field 00411 a2200157 4500
003 - CONTROL NUMBER IDENTIFIER
control field OSt
005 - DATE AND TIME OF LATEST TRANSACTION
control field 20240705154355.0
008 - FIXED-LENGTH DATA ELEMENTS--GENERAL INFORMATION
fixed length control field 240620b ||||| |||| 00| 0 eng d
020 ## - INTERNATIONAL STANDARD BOOK NUMBER
International Standard Book Number 978849717932
082 ## - DEWEY DECIMAL CLASSIFICATION NUMBER
Classification number 720.105045
100 ## - MAIN ENTRY--PERSONAL NAME
Personal name Norman Foster Foundation (Editor)
245 ## - TITLE STATEMENT
Title Architecture and Technology: Future of Cities
260 ## - PUBLICATION, DISTRIBUTION, ETC. (IMPRINT)
Name of publisher, distributor, etc Norman Foster Foundation;
Date of publication, distribution, etc 2021
300 ## - PHYSICAL DESCRIPTION
Extent 576p;
942 ## - ADDED ENTRY ELEMENTS (KOHA)
Source of classification or shelving scheme
Holdings
Withdrawn status Lost status Source of classification or shelving scheme Damaged status Koha normalized classification for sorting Not for loan Permanent location Current location Date acquired Source of acquisition Cost, normal purchase price Full call number Barcode Date last seen Cost, replacement price Price effective from Koha item type
        720_105045000000000   BMS College of Architecture, Design and Planning BMS College of Architecture, Design and Planning 2024-07-05 1 3536.25 720.105045 AR-UG3916 2024-07-05 4715.00 2024-07-05 B.PLAN
Copyright © 2025, The Librarian, Library and Information Centre, BMSCA D&P, Bengaluru. All Rights Reserved
web counter

Powered by Koha